000
00415nam a2200157Ia 4500
008
100122s9999 xx 000 0 und d
082
_b
75120
_a
823.08
100
_a
मुजावर बशीर
245
_a
नो मॅन्स लँड
250
_a
1
260
_c
2008
300
_a
176
630
_a
नो मॅन्स लँड
730
_a
नो मॅन्स लँड
942
_c
BOOK
999
_c
391173
_d
391170